| 000 | 00737nam a2200121Ia 4500 | ||
|---|---|---|---|
| 008 | 220620s9999||||xx |||||||||||||| ||und|| | ||
| 245 | 0 |
_aOpen _bThe Philosophy and Practices that are Revolutionizing Education and Science |
|
| 546 | _aEnglish[eng] | ||
| 650 | _apsychology||open educational resources||open access||open pedagogy||open science||open textbooks||Open access||Open education||Open educational resources||Open textbook||Pedagogy||Textbook | ||
| 700 | _aBiswas-Diener, Robert||Jhangiani, Rajiv | ||
| 856 | _uhttps://library.oapen.org/bitstream/20.500.12657/31551/1/627025.pdf||https://library.oapen.org/bitstream/20.500.12657/31551/1/627025.pdf||https://library.oapen.org/bitstream/20.500.12657/31551/1/627025.pdf | ||
| 942 | _cEB | ||
| 999 |
_c33762 _d33762 |
||